| Tag |
First Indicator |
Second Indicator |
Subfields |
| LEADER |
00000cam a2200000Ia 4500 |
| 001 |
in00001576836 |
| 005 |
20151022105316.0 |
| 008 |
770519s1973 paua 000 0 eng d |
| 010 |
|
|
|a 64016621
|
| 019 |
|
|
|a 26732714
|
| 035 |
|
|
|a (OCoLC)ocm02977755
|
| 040 |
|
|
|a WNC
|c WNC
|d VYM
|d OCL
|d TXA
|d UtOrBLW
|
| 049 |
|
|
|a TXAM
|
| 090 |
|
|
|a UB210
|b .C55 1973
|
| 100 |
1 |
|
|a Clarke, Bruce C.
|q (Bruce Cooper),
|d 1901-1988.
|
| 245 |
1 |
0 |
|a Guidelines for the leader and the commander /
|c Bruce C. Clarke.
|
| 250 |
|
|
|a Rev. ed.
|
| 264 |
|
1 |
|a Harrisburg, Pa. :
|b Stackpole Books,
|c [1973]
|
| 264 |
|
4 |
|c ©1973
|
| 300 |
|
|
|a 117 pages :
|b illustrations ;
|c 21 cm.
|
| 336 |
|
|
|a text
|b txt
|2 rdacontent
|
| 337 |
|
|
|a unmediated
|b n
|2 rdamedia
|
| 338 |
|
|
|a volume
|b nc
|2 rdacarrier
|
| 650 |
|
0 |
|a Leadership.
|
| 610 |
1 |
0 |
|a United States.
|b Army
|v Handbooks, manuals, etc.
|
| 994 |
|
|
|a E0
|b TXA
|
| 948 |
|
|
|a cataloged
|b h
|c 2000/12/19
|d c
|e mzajicek
|f 4:10:28 pm
|
| 999 |
|
|
|a MARS
|
| 999 |
f |
f |
|s 9b956971-f8c4-33c6-bba7-3f7f6d1c0d9b
|i d2b6eb7e-e31f-3c13-9a3f-6b5b376cfe9c
|t 0
|
| 952 |
f |
f |
|p noncirc
|a Texas A&M University
|b College Station
|c Cushing Memorial Library & Archives
|d Cushing: Ragan Military (Does not check out)
|t 0
|e UB210 .C55 1973
|h Library of Congress classification
|i unmediated -- volume
|
| 998 |
f |
f |
|a UB210 .C55 1973
|t 0
|l Cushing: Ragan Military (Does not check out)
|